Countries named after people - Statistics

General Stats
  • This quiz has been taken 53 times
  • The average score is 17 of 26
Answer Stats
Origin Country % Correct
Christopher Columbus Colombia
98%
Simon Bolivar Bolivia
96%
Prince Afghana Afghanistan
94%
Italus Italy
94%
Saud bin Muhammad Al Muqrin Saudi Arabia
88%
Amerigo Vespucci United States of America
88%
St Lucy St Lucia
84%
St Dominic Dominican Republic
80%
Philip II of Spain Philippines
78%
John Marshall Marshall Islands
76%
King Solomon Solomon Islands
76%
King Mswati II Eswatini
67%
Saint George Georgia
65%
Maurice of Nassau, Prince of Orange Mauritius
61%
Samaale Somalia
61%
Saint Marinus San Marino
59%
Romulus Romania
57%
St Christopher St Kitts
53%
Saint Thomas São Tomé and Príncipe
51%
Jacob Israel
47%
Mussa Bin Bique Mozambique
45%
Öz Beg Khan Uzbekistan
43%
Jesus Christ El Salvador
37%
Thomas Gilbert Kiribati
27%
Birú Peru
16%
Atropates Azerbaijan
8%
No matching quizzes found
Score Distribution
Percent of People with Each Score
Percentile by Number Answered
Your Score History
You have not taken this quiz